000 00696nam a2200289Ia 4500
005 20260324120428.0
008 008 260324s9999 xx 000 0 eng d
020 _a9780203787113
037 _aEBOOK
040 _aCRL
040 _beng
040 _cCRL
041 _2eng
041 _aeng
084 _qCRL
100 _aDavid W. Bulla
_91158533
245 0 _aLincoln Mediated
245 4 _bThe President and the Press Through Nineteenth-Century Media
260 _bTaylor and Francis
260 _c2015
365 _a
365 _b230
856 _uhttp://www.taylorfrancis.com/books/9780203787113
942 _cEBOOK
999 _c1750058
_d1750058